000 00660nam a2200205Ia 4500
003 GCL
008 140319s9999 xx 000 0 ara d
040 _aGCL /
_cGCL
082 0 4 _a172
_bف ا
100 1 _aجوزيف عبدالله
245 1 0 _aايديولوجيات الحرب والسلم /
_cجوزيف عبدالله
700 1 _aجوزيف شاتلية
700 1 _aفرنسوا شاتلية
260 _a[S.N] :
_bالمؤسسة الجامعية للدراسات والنشر والتوزيع ،
_c1981
300 _a60 ص
490 _a
650 0 4 _aالحرب والسلام
650 0 4 _aاخلاقيات الحرب
942 _2ddc
_cBK
999 _c46694
_d46694